Taylor Swift - Compléter le refrain de I Forgot That You Existed - Statistiques

Statistiques générales
  • Ce quiz a été pris 37 fois
  • Le résultat moyen est 4 sur 5
Statistiques - réponses
Question Réponse % Correct
I *** that you existed forgot
95%
And it was so nice. So *** and *** peaceful / quiet
86%
And I thought that it *** me, but it didn't would kill
76%
I forgot that you existed. It isn't ***, it isn't ***, it's just *** love / hate / indifference
57%
I forgot that *** you
57%
Aucun quiz correspondant
Distribution des résultats
% des personnes avec chaque résultat
Percentile par nombre de réponses
Votre historique - résultats
Vous n’avez pas pris ce quiz